Statistics for Random African Cities Map Quiz

Click here to take the quiz!

General Stats

  • This quiz has been taken 565 times
  • The average score is 11 of 15

Answers on the Map

Answers color-coded by a green-red scale on the quiz's map according to % correct below.
 

Answer Stats

Answer% Correct
Abidjan
100%
Abuja
100%
Accra
100%
Addis Ababa
100%
Alexandria
100%
Antananarivo
100%
Asmara
100%
Bahir Dar
100%
Bamako
100%
Bangui
100%
Benghazi
100%
Benin City
100%
Bissau
100%
Brazzaville
100%
Cairo
100%
Calabar
100%
Cape Town
100%
Casablanca
100%
Ceuta
100%
Cotonou
100%
Dakar
100%
Dar es Salaam
100%
Djibouti
100%
Fes
100%
Freetown
100%
Gaborone
100%
Harare
100%
Hargeisa
100%
Jos
100%
Juba
100%
Kampala
100%
Kigali
100%
Kinshasa
100%
Kisangani
100%
Lagos
100%
Libreville
100%
Lome
100%
Luanda
100%
Lusaka
100%
Luxor
100%
Malabo
100%
Maputo
100%
Marrakesh
100%
Maseru
100%
Mbabane
100%
Mombasa
100%
Monrovia
100%
Moroni
100%
Nairobi
100%
Nakuru
100%
Niamey
100%
Nouakchott
100%
Ouagadougou
100%
Pietermaritzburg
100%
Pointe-Noire
100%
Port Harcourt
100%
Port Louis
100%
Porto-Novo
100%
Port Sudan
100%
Saint-Denis
100%
Santa Cruz de Tenerife
100%
São Tomé
100%
Sfax
100%
Sousse
100%
Suez
100%
Timbuktu
100%
Tripoli
100%
Victoria
100%
Windhoek
100%
Yamoussoukro
100%
Yaounde
100%
Zanzibar
100%
Johannesburg
86%
Bukavu
83%
Bulawayo
80%
Dodoma
80%
Pretoria
80%
Tunis
80%
Arusha
75%
Aswan
75%
Khartoum
75%
Port Elizabeth
75%
Algiers
67%
Conakry
67%
Douala
67%
Funchal
67%
Kano
67%
Kimberley
67%
Las Palmas de Gran Canaria
67%
Lubumbashi
67%
Port Said
67%
Rabat
67%
Banjul
60%
Bata
60%
Gitega
50%
Hurghada
50%
Ibadan
50%
Jamestown
50%
Kananga
50%
Kumasi
50%
Maiduguri
50%
Oran
50%
Praia
50%
Tangier
50%
Zaria
50%
Georgetown
43%
Onitsha
40%
Blantyre
33%
East London
33%
Kaduna
33%
Melilla
33%
Mwanza
33%
Warri
33%
Tobruk
29%
Goma
25%
Cabinda
20%
Ilorin
20%
Sekondi-Takoradi
20%
Tamale
17%
Agadir
0%
Beira
0%
Bloemfontein
0%
Bujumbura
0%
Dire Dawa
0%
Durban
0%
Enugu
0%
Huambo
0%
Laayoune
0%
Lilongwe
0%
Mamoudzou
0%
Mbuji-Mayi
0%
Mogadishu
0%
N'Djamena
0%
St Louis
0%
Touba
0%

Score Distribution

Percentile by Number Answered

Percent of People with Each Score

Your Score History

You have not taken this quiz